000 00437nam a2200181Ia 4500
001 24074
005 20260414151019.0
008 260414t1999||||xx |||||||||||||| ||spa||
041 _aESP
082 _a759.985
_bB46
100 _aMacera, Pablo
_eAUT
245 0 _aFlora y fauna de Sarhua :
_bpintura y palabra
260 _c1999
300 _a229 páginas :
_c30 cm.
650 _aABD
654 _aCAU
942 _cLIB
_dJUS
_fJUS
_2ddc
_n
999 _c24074
_d24074